Detalles MARC
| 000 -CABECERA |
| campo de control de longitud fija |
00858nam a2200205 a 4500 |
| 001 - NÚMERO DE CONTROL |
| campo de control |
000041028 |
| 005 - FECHA Y HORA DE LA ÚLTIMA TRANSACCIÓN |
| campo de control |
20201002034549.0 |
| 008 - DATOS DE LONGITUD FIJA--INFORMACIÓN GENERAL |
| campo de control de longitud fija |
130913s2005 sp 000 0 spa d |
| 040 ## - FUENTE DE LA CATALOGACIÓN |
| Centro catalogador/agencia de origen |
DO-SdBNP |
| Lengua de catalogación |
spa |
| Centro/agencia transcriptor |
BNPHU |
| 111 2# - ENTRADA PRINCIPAL--NOMBRE DE CONGRESO/REUNIÓN |
| Nombre de congreso/reunión o jurisdicción como elemento de entrada |
Jornadas de Arte |
| Número del congreso/reunión o número de parte o sección |
(12a. : |
| Fecha del congreso/reunión |
2004 : 22-26 nov. |
| Sede del congreso/Lugar de la reunión |
Madrid |
| 9 (RLIN) |
67504 |
| 245 13 - MENCIÓN DE TÍTULO |
| Título |
El arte foráneo en España : presencia e influencia / |
| Mención de responsabilidad, etc. |
coordinador Miguel Cabañas Bravo. |
| 260 ## - PUBLICACIÓN, DISTRIBUCIÓN, ETC. |
| Lugar de publicación, distribución, etc. |
Madrid : |
| Nombre del editor, distribuidor, etc. |
Consejo Superior de Investigaciones Científicas :, |
| Fecha de publicación, distribución, etc. |
2005. |
| 300 ## - DESCRIPCIÓN FÍSICA |
| Extensión |
665 p. : |
| Otras características físicas |
il., retrs. ; |
| Dimensiones |
28 cm. |
| 490 1# - MENCIÓN DE SERIE |
| Mención de serie |
Biblioteca de Historia del Arte |
| Designación de volumen o secuencia |
9 |
| 504 ## - NOTA DE BIBLIOGRAFÍA, ETC. |
| Nota de bibliografía, etc. |
Bibliografías |
| 700 1# - PUNTO DE ACCESO ADICIONAL--NOMBRE DE PERSONA |
| Nombre de persona |
Cabañas Bravo, Miguel, |
| Término indicativo de función/relación |
coor. |
| 9 (RLIN) |
67505 |
| 710 2# - PUNTO DE ACCESO ADICIONAL--NOMBRE DE ENTIDAD CORPORATIVA |
| Nombre de entidad corporativa o nombre de jurisdicción como elemento de entrada |
Consejo Superior de Investigaciones Científicas |
| 9 (RLIN) |
4786 |
| 710 2# - PUNTO DE ACCESO ADICIONAL--NOMBRE DE ENTIDAD CORPORATIVA |
| Nombre de entidad corporativa o nombre de jurisdicción como elemento de entrada |
Instituto de Historia. Departamento de Historia del Arte, |
| 9 (RLIN) |
67506 |
| 830 #0 - PUNTO DE ACCESO ADICIONAL DE SERIE-TÍTULO UNIFORME |
| Título uniforme |
Biblioteca de Historia del Arte |
| Designación de volumen o secuencia |
9 |
| 9 (RLIN) |
67507 |